Lógica y matemáticas : para ciencias de la computación (Registro nro. 13155)

Detalles MARC
000 -Cabecera
Campo de control de longitud fija 01202nam a22004217a 4500
005 - Fecha y hora de la última transacción
Campo de control 20260506185001.0
008 - Elementos de longitud fija--Información general
Campo de control de longitud fija 210819b2019 xxu||||| |||| 00| 0 spa d
020 ## - International Standard Book Number
Número Internacional Estándar del Libro (ISBN) 9789588957869
041 ## - Idioma
Código de idioma Español
082 ## - Clasificación Decimal Dewey
Número de clasificación 004.015.1 B239l2
100 ## - Entrada principal--Autor personal
Nombre personal Barboza Gutiérrez, Fidel
245 ## - Título propiamente dicho
Título Lógica y matemáticas : para ciencias de la computación
250 ## - Edición
Mención de edición 2 edición
260 ## - Pie de imprenta
Lugar de publicación, distribución, etc. Colombia
260 ## - Pie de imprenta
Nombre del editor, distribuidor, etc. Universidad Piloto de Colombia
260 ## - Pie de imprenta
Fecha de publicación, distribución, etc. 2019
300 ## - Descripción física
Extensión 514 páginas
490 ## - Serie
Título de la Serie Big Data
490 ## - Serie
Título de la Serie Tecnologías de la Información
650 ## - Materia general
Temática (materia general) PRINCIPIOS MATEMÁTICOS
650 ## - Materia general
Temática (materia general) MATEMÁTICA PARA COMPUTACIÓN
650 ## - Materia general
Temática (materia general) TEORÍAS DE CONJUNTOS
650 ## - Materia general
Temática (materia general) OPERACIONES ENTRE CONJUNTOS
650 ## - Materia general
Temática (materia general) ALGEBRA DE NÚMEROS REALES
650 ## - Materia general
Temática (materia general) ÁLGEBRA DE CONJUNTOS
650 ## - Materia general
Temática (materia general) RELACIONES Y FUNCIONES
650 ## - Materia general
Temática (materia general) BASES DE DATOS
650 ## - Materia general
Temática (materia general) ÁRBOLES
650 ## - Materia general
Temática (materia general) CARDINALIDAD
650 ## - Materia general
Temática (materia general) CÁLCULO DE PROPOSICIONES
650 ## - Materia general
Temática (materia general) INFERENCIA LÓGICA
650 #0 - Materia general
Temática (materia general) CÁLCULO DE PREDICADOS
650 ## - Materia general
Temática (materia general) ÁLGEBRA DE BOOLE
650 ## - Materia general
Temática (materia general) FUNCIONES BOOLEANAS
650 ## - Materia general
Temática (materia general) ALGORITMOS
650 #0 - Materia general
Temática (materia general) FUNCIONES
942 ## - Punto de acceso adicional KOHA
Tipo de ítem KOHA Libro
Fuente del sistema de clasificación o colocación Dewey Decimal Classification
Existencias
Signatura completa Código de barras Programa Académico Tipo de ítem
004.015.1 B239l2 25322   Libro